000 01026nam0a22002411 4500
001 rc\447374
005 20260407091546.0
035 _a(NLR Aleph) 005692694
090 _a7192977
_c7192977
100 _a20030616d1987 |||y0rusy50 ca
101 0 _arus
102 _aRU
105 _ay |||||||||
200 1 _aСовершенствование подготовки учителя трудового обучения к реализации задач реформы школы
_eМежвуз. сб. науч. тр.
_fМоск. гос. пед. ин-т им. В.И. Ленина
_g[Редкол.: И.И. Бака (отв. ред.) и др.]
210 _aМ.
_cМГПИ
_d1987 (1988)
215 _a150 с.
_d21
702 1 _aБака
_bИ.И.
_gИван Иванович
_4340
712 0 2 _aМосковский педагогический институт им. В. И. Ленина
_3RU\NLR\AUTH\8816890
_9307040
801 0 _aRU
_bNLR
_gpsbo
801 1 _aRU
_bELAR
_2rusmarc
852 _aNLR
_j88-3/8914
942 _cBOOK
980 _aNB